000 00993nam a2200277Ia 4500
003 OSt
005 20221007123427.0
006 a|||||r|||| 00| 0
007 ta
008 221006b |||||||| |||| 00| 0 eng d
020 _a9971512386 (pbk)
_c
_ 3.50
024 _a11118
037 _bMonika,
_cTextual
040 _aPAPL
_cPAPL
_beng
041 _2eng
_aeng
082 _aCN, K8;1
100 _aResnick Robert
245 0 _aIntroduction to special relativity by Robert Resnick
260 _aNew
_bYork John Wiley Sons
_c1968
300 _ax, 226p
_ccm.
500 _a (Reprinted in 2002); ; Includes bibliographical references; Index 223-226p; ^n23/CSL/2003-2004/CARPA/969^d2003-11-10^mPurchase; ; 2003-04/508^b2003-11-24^c505^d2003-11-17^eRs.7,403.00^fMonika Book Distributors; ; 2004-01-09^bSB^c2004-01-09^dVinay
650 _a Relativity
_9713529
650 _aPhysics
942 _hCN, K8;1
_cTEXL
_2CC
999 _c1211859
_d1211859